000 00907nab a2200253 u 4500
001 20780
003 HDC
007 cr bn ---aaaaa
008 210306c |r|noo 0 a d
040 _aHDC
100 _aPramdia Arhando Julianto,
_eauthor
_918652
245 0 _aPERMINTAAN PASAR GLOBAL TERHADAP PRODUK HALAL MENINGKAT, PELUANG BUAT INDONESIA DAN MALAYSIA /
_cby Pramdia Arhando Julianto
260 _a[No place] :
_b[publisher not identified],
_c2016
336 _atext
_2rdacontent
337 _acomputer
_2rdamedia
338 _aonline resource
_2rdacarrier
650 _aHalal industry
_9144
650 _aHalal product
_948
710 _aHALLOINDO
856 _zRequest full-text at [email protected]
942 _2lcc
942 _cNEWS
942 _kNWSO 010108
999 _c18096
_d18096